00546nam a2200217Ia 450000500170000000800460001702000180006303700100008104000080009104000080009904000080010704100080011504100080012308400080013110000230013924500700016226000310023226000090026365000160027285600400028820260306163538.0008 260114s9999 xx 000 0 eng d a9781399513357 aEBOOK aCRL beng cCRL 2eng aeng qCRL aEl-merheb, Mohamad 0aPolitical Thought In The Mamluk Period: The Unnecessary Caliphate bEdinburgh University Press c2022 aSocial Work uhttps://academic.oup.com/book/44079